Géographie de la France par lettre - R - Statistiques

Statistiques générales
  • Ce quiz a été pris 23 966 fois
    21 349 depuis la dernière actualisation
  • Le résultat moyen est 11 sur 20
Statistiques - réponses
Question Réponse % Correct
Département d'outre-mer le plus peuplé La {Réunion}
97%
Fleuve définissant la frontière entre l'Alsace et l'Allemagne Rhin
96%
Fleuve passant par Lyon et Avignon Rhône
95%
Chef-lieu de la région Bretagne Rennes
92%
Chef-lieu de la région Normandie Rouen
85%
Cette commune donne son nom au plus grand aéroport français Roissy-en-France
81%
Chef-lieu du département de la Vendée La {Roche-sur-Yon}
80%
Ville la plus peuplée de la Marne, sous-préfecture la plus peuplée de France Reims
70%
Commune peuplée de près de 100 000 habitants dans la banlieue de Lille Roubaix
62%
Chef-lieu du département de l'Aveyron Rodez
45%
Aussi appelée Forêt d'Yveline, cette forêt domaniale s'étend sur 14 000 hectares et 29 communes Forêt de {Rambouillet}
42%
Station balnéaire de Charente-Maritime, située à l'embouchure de l'estuaire de la Gironde Royan
41%
Petit village très touristique du Lot, notamment connu pour sa cité religieuse Rocamadour
33%
Plan d'eau marin permettant le mouillage d'une flotte comme à Brest, Toulon ou Cherbourg Rade
29%
Sous-préfecture de Charente-Maritime, ayant accueilli un grand arsenal maritime Rochefort
28%
Sous-préfecture de la Loire, au centre d'une agglomération de 80 000 habitants Roanne
27%
Ancienne province, correspondant à peu près aux Pyrénées-Orientales actuelles Roussillon
20%
Ancien duché, cette région constitue le sud-ouest du département de la Loire-Atlantique Pays de {Retz}
14%
Ville bretonne depuis laquelle on accède à l'Île de Batz Roscoff
13%
Troisième commune la plus peuplée de Martinique Le {Robert}
5%
Aucun quiz correspondant
Distribution des résultats
% des personnes avec chaque résultat
Percentile par nombre de réponses
Votre historique - résultats
Vous n’avez pas pris ce quiz depuis la dernière actualisation